Bering : equilibrio y resistencia /

Little or almost anything is know about the people living in the Bering Strait. What are its conditions and needs, its thoughts. What are their customs, which fed their culture, how they view themselves and how they see the rest of the planet.

Bibliographic Details
Other Authors: Grobet, Lourdes (Director, Producer), Ruiz, Ramiro (Producer), Larqué, Montserrat (Director, Screenwriter)
Format: Video
Language:English
Language Notes:In English with Spanish subtitles.
Published: Mexico City, Federal District (Mexico) : Instituto Mexicano de Cinematografía (IMCINE), 2013.
Series:Academic Video Online
Subjects:
Online Access:Connect to this streaming video (Alexander Street Press)

MARC

Tag First Indicator Second Indicator Subfields
LEADER 00000cgm a2200000Mi 4500
001 in00005598713
006 m o c
007 cr |n||||||||a
007 vz |za|z|
008 230309s2013 mx 085 e o vneng d
005 20241201234003.9
035 |a (OCoLC)on1376038574 
040 |a ALSTP  |b eng  |e rda  |c ALSTP  |d OCLCF  |d OCLCO  |d OCLCL  |d DXU 
019 |a 1444007325 
035 |a (OCoLC)1376038574  |z (OCoLC)1444007325 
041 0 |a eng  |j spa 
049 |a TXAM 
245 0 0 |a Bering :  |b equilibrio y resistencia /  |c dirección, Lourdes Grobet ; productor, Ramiro Ruiz Ruiz-Funes, Gabriel Govela, Lourdes Grobet ; guión, Montserrat Larqué. 
264 1 |a Mexico City, Federal District (Mexico) :  |b Instituto Mexicano de Cinematografía (IMCINE),  |c 2013. 
300 |a 1 online resource (85 minutes) 
306 |a 012429 
336 |a two-dimensional moving image  |b tdi  |2 rdacontent 
337 |a computer  |b c  |2 rdamedia 
337 |a video  |b v  |2 rdamedia 
338 |a online resource  |b cr  |2 rdacarrier 
347 |a video file  |2 rdaft 
490 0 |a Academic Video Online 
500 |a Title from resource description page (viewed March 09, 2023). 
508 |a Director of photography, Xavier Grobet ; editor, Andrés Eichelmann Kaiser ; music, Juan Cristóbal Pérez Grobet. 
520 |a Little or almost anything is know about the people living in the Bering Strait. What are its conditions and needs, its thoughts. What are their customs, which fed their culture, how they view themselves and how they see the rest of the planet. 
546 |a In English with Spanish subtitles. 
650 0 |a Inuit  |z Alaska. 
650 0 |a Inuit  |z Bering Strait. 
650 0 |a Eskimos  |z Alaska. 
650 0 |a Eskimos  |z Bering Strait. 
651 0 |a Alaska  |x Social life and customs. 
651 0 |a Bering Strait  |x Social life and customs. 
650 6 |a Inuits  |z Alaska. 
650 6 |a Inuits  |z Béring, Détroit de. 
651 6 |a Alaska  |x Mœurs et coutumes. 
650 7 |a Eskimos  |2 fast 
650 7 |a Inuit  |2 fast 
650 7 |a Manners and customs  |2 fast 
651 7 |a Alaska  |2 fast  |1 https://id.oclc.org/worldcat/entity/E39QbtfRq9rTfb3H89Vvrr9x9c 
651 7 |a Pacific Ocean  |z Bering Strait  |2 fast 
655 7 |a documentary film.  |2 aat 
655 7 |a Documentary films  |2 fast 
655 7 |a Ethnographic films  |2 fast 
655 7 |a Documentary films.  |2 lcgft 
655 7 |a Ethnographic films.  |2 lcgft 
655 7 |a Documentaires.  |2 rvmgf 
655 7 |a Films ethnographiques.  |2 rvmgf 
700 1 |a Grobet, Lourdes,  |e director,  |e producer. 
700 1 |a Ruiz, Ramiro,  |e producer. 
700 1 |a Larqué, Montserrat,  |e director,  |e screenwriter. 
710 2 |a Catatonia Cine,  |e production company. 
710 2 |a Instituto Mexicano de Cinematografía,  |e publisher. 
758 |i has work:  |a Bering (MovingImage)  |1 https://id.oclc.org/worldcat/entity/E39PCH6dTmW6dbHXPMRPxWXXtX  |4 https://id.oclc.org/worldcat/ontology/hasWork 
856 4 0 |u http://proxy.library.tamu.edu/login?url=https://www.aspresolver.com/aspresolver.asp?MARC;5403219  |z Connect to this streaming video (Alexander Street Press)  |t 0 
955 |a Alexander Street Press subscription streaming video 
994 |a 92  |b TXA 
999 f f |s 88ba63a9-7c87-401f-a18c-a6b4c7e7d480  |i d7462406-b387-4d24-be48-3d6e5c534995  |t 0 
952 f f |a Texas A&M University  |b College Station  |c Electronic Resources  |d Available Online  |t 0  |h Library of Congress classification 
998 f f |t 0  |l Available Online